000 00573nam a2200217Ia 4500
005 20260115172544.0
008 008 260114s9999 xx 000 0 eng d
020 _a9781139171410
037 _aEBOOK
040 _aCRL
_beng
_cCRL
041 _aeng
_2eng
084 _qCRL
100 _aSeal
_9876067
245 4 _aThe Emergence of Indian Nationalism
260 _bCambridge University Press
260 _bCambridge University Press
260 _c1968
856 _uhttps://doi.org/10.1017/CBO9780511563409
942 _cEBOOK
999 _c1474666
_d1474666